000 00613nam a2200229Ia 4500
005 20240518083040.0
008 131103s9999 xx 000 0 und d
020 _cRs.10.00
040 _aLoreto College
041 _aEnglish
082 _a371.3
_bTUC
100 _aTucker,V.
245 _aCreativity
_b
_cV.Tucker
250 _aa training course in creativity through divergent thinking
260 _aRanchi
_bSatya bharati
_c1983
300 _aix,92p
504 _aIncludes bibliographical references
650 _aEducation
651 _aSchool organisation
850 _aLCBED
942 _cBK
999 _c27344
_d77823